000 01229nam0a22002771 4500
001 rc\3125874
005 20250530065936.0
035 _a(NLR Aleph) 007282608
090 _a5525438
_c5525438
100 _a20120615d1975 |||y0rusy50 ca
101 0 _arus
102 _aRU
105 _ay z |||||
200 1 _aПриборостроительная промышленность ГДР
_eСостояние и перспективы развития
_fМ-во приборостроения, средств автоматизации и систем упр. ЦНИИТЭИприборостроения
210 _aМосква
_cБ. и.
_d1975
215 _a38 с.
_d21
225 1 _aОбзорная информация
_hТС-1
_iПроблемные вопросы приборостроения
300 _aСост. указан на обороте тит. л.
333 _aДСП. Экз. № 000115
532 1 2 _aПриборостроительная промышленность Германской Демократической Республики
700 1 _aПасенко
_bЕ.В.
801 0 _aRU
_bNLR
_gpsbo
801 1 _aRU
_bELAR
_2rusmarc
852 _aNLR
_j75-50К/1356
942 _cBOOK
980 _aNB